An introduction to computer simulation methods : applications to physical systems

Αποθηκεύτηκε σε:
Λεπτομέρειες βιβλιογραφικής εγγραφής
Κύριος συγγραφέας: Gould, Harvey 1938-
Άλλοι συγγραφείς: Tobochnik, Jan 1953-, Christian, Wolfgang
Μορφή: Βιβλίο
Γλώσσα:English
Δημοσίευση: San Francisco : Pearson/Addison Wesley, c2007
Έκδοση:3rd ed.
Θέματα:
Ετικέτες: Προσθήκη ετικέτας
Δεν υπάρχουν, Καταχωρήστε ετικέτα πρώτοι!

MARC

LEADER 00000nam a2200000 i 4500
001 1/80067
008 080402s2007 eng d
020 |a 0-80537758-1 
035 |l 10096120 
040 |a GR-MY-UA  |b gre  |e aacr 
041 0 |a eng 
082 0 |a 530.0113  |2 (22) 
100 1 |a Gould, Harvey  |d 1938- 
245 1 3 |a An introduction to computer simulation methods :  |b applications to physical systems /  |c Harvey Gould, Jan Tobochnik, Wolfgang Christian 
250 |a 3rd ed. 
260 |a San Francisco :   |b Pearson/Addison Wesley,   |c c2007 
300 |a xviii, 796 σ.;  |b εικ.;  |c 24 εκ. 
504 |a Βιβλιογραφία: σ. 789-790. Ευρετήριο 
650 0 0 |a Physics  |x Data processing. 
650 0 0 |a Physics  |x Simulation methods. 
650 0 0 |a Physics  |x Computer simulation. 
700 1 |a Tobochnik, Jan  |d 1953- 
700 1 |a Christian, Wolfgang. 
852 |a INST  |b SYROS  |e 20080402  |h 530.0113 GOU  |p 005500006213  |q 005500006213  |t BK  |y 0 
901 |a BIBL5-2008-1 
909 |a Ε  |b 140652 
922 |a 5ΕΛΗ  |b 200711  |c ΕΠΕΑΕΚ2/ΤΜΣΠΣ  |d ΠΑΠΑΣΩΤΗΡΙΟΥ 
970 |a ΚΑΓΙΑΒΑ  |b ΕΙΡΗΝΗ  |z 2008/04/02